Možnosti financovania bývania na Slovensku bakalárska práca
Enregistré dans:
| Auteur principal: | |
|---|---|
| Collectivité auteur: | |
| Autres auteurs: | |
| Format: | Livre |
| Langue: | slovaque |
| Publié: |
Bratislava
2017
|
| Tags: |
Pas de tags, Soyez le premier à ajouter un tag!
|
MARC
| LEADER | 00000nbm a2200000 4500 | ||
|---|---|---|---|
| 001 | 0233750 | ||
| 005 | 20180115153350.4 | ||
| 041 | 0 | |a slo | |
| 044 | |a SK | ||
| 245 | 1 | 0 | |a Možnosti financovania bývania na Slovensku |b bakalárska práca |c Andrea Dvoranová ; školiteľ: Lenka Škodová |
| 264 | 1 | |a Bratislava |c 2017 | |
| 300 | |a 40 s. | ||
| 100 | 1 | |a Dvoranová, Andrea | |
| 700 | 1 | |a Škodová, Lenka | |
| 710 | 2 | |a Národohospodárska fakulta EU. Katedra bankovníctva a medzinárodných financií | |